| 000 | 00802nas a2200253 4500 | ||
|---|---|---|---|
| 001 | BR9607737 | ||
| 003 | BR-BrBNA | ||
| 005 | 20231205094951.0 | ||
| 007 | ta | ||
| 008 | 230509b bl.|||p| |||| 00| 00por d | ||
| 040 |
_aBR-BrBNA _bpor _cBiblioteca Nacional de Agricultura |
||
| 041 | _a(Pt) | ||
| 072 | _aF03 | ||
| 100 | 1 | _aOliveira, P.R.P. de | |
| 100 | 1 | _aSchammass, E.A. | |
| 100 | 1 | _aRodrigues, D.A. | |
| 245 | 1 | _aAvaliacao da homogeneidade intra e entre germinadores para germinacao de sementes de capim-coloniao | |
| 650 | _aCapim Coloniao | ||
| 650 | _aGerminacao | ||
| 650 | _aTeste de Sementes | ||
| 773 | 0 |
_tBoletim de Industria Animal (Brazil) _xISSN 0067-9615 _g(Jul-Dec 1994), v. 51(2) p. 157-164 _wBR9607737 |
|
| 909 |
_a202311 _bLúcia _c55 _dLúcia Elande |
||
| 942 |
_2AGRIS _n0 _cANA |
||
| 999 |
_c147996 _d147996 |
||